000 00827nam a2200229Ia 4500
005 20170803100552.0
010 _aBAC-CH25
020 _a9780143331919
_c199.00
035 _aB-555415-449
035 _aG-003423
035 _aB-667202
037 _bAakar/Ven
_adpl
082 _a954
100 _aGupta, Subhadra Sen
245 _aLet's go time travelling ! /
_cby Subhadra Sen Gupta
260 _aNew York
_bPuffin Books
_c2012
270 _a375 Hudson Street,
_bNew York
_e10014 USA
300 _a132p.:
_bill.
_c20cm(pbk)
942 _cCH
_2ddc
_mGUP
_h954
999 _c85647
_d85647